000 00625nam a2200241Ia 4500
005 20260121111835.0
008 1256 260114s9999 xx 000 0 eng d
020 _a9789812770509
037 _aEBOOK
040 _aCRL
_beng
_cCRL
041 _aeng
_2eng
084 _qCRL
100 _aWalecka John Dirk
_9948135
245 0 _aIntroduction to General Relativity
260 _bWorld Scientific
260 _bWSPC
260 _c2007
650 _aPhysics
_9948136
856 _uhttps://www.worldscientific.com/worldscibooks/10.1142/6399#t=toc
942 _cEBOOK
999 _c1538556
_d1538556